| 000 | 00449nam a22001697a 4500 | ||
|---|---|---|---|
| 003 | OSt | ||
| 005 | 20140310182208.0 | ||
| 008 | 130905t xxu||||| |||| 00| 0 eng d | ||
| 020 | _a1844032884 | ||
| 050 |
_aTX 642 _b.P597 2005 |
||
| 082 |
_aHS 641.555 _b P58 2005 |
||
| 245 |
_aCool eating : _cWallace, Ian |
||
| 260 |
_aGreat Britain : _bCassell Illustrated, _cc2005. |
||
| 300 |
_a142 p. : _bill. ; _c28 cm |
||
| 942 |
_2lcc _cHS |
||
| 999 |
_c10391 _d10391 |
||